000 00343nam a22001337a 4500
082 _a500
_bOSW/S
100 _aOSWAAL
245 _aCBSE QUESTION BANK SCIENCE CLASS 9
246 _aCBSE QUESTION BANK SCIENCE CLASS 9
_bCBSE QUESTION BANK SCIENCE CLASS 9
260 _aNEWDELHI
_bOSWAAL
_c2024
300 _a176
650 _aSCIENCE
942 _cBK
999 _c9065
_d9065